000 00733nam a22001697a 4500
005 20260219120606.0
008 260219b |||||||| |||| 00| 0 eng d
020 _a9789393875068
040 _cVITAP
082 _223
_a954.821 NAM
100 _aNambath, Suresh Ed.
_917150
245 _aMemories of Madras
_b: Recollection of Eminent People as Featured in The Pages of The Hindu Metroplus in The Column Memories of Madras, 2008 - 2011.
_c/ Suresh Nambath Ed.
260 _aChennai
_bTHG Publishing Pvt Ltd
_c2022
300 _a136p, ill.: 26cm
650 0 _aOrigins of Madras, Colonial Madras, Freedom Movement in Madras, Social & Cultural Life, Educational & Literary Growth, Architecture & Heritage etc.
_917151
942 _2ddc
_cREF
999 _c47304
_d47304